000 01552namaa2200373 i 4500
003 EG-GICUC
005 20260214154058.0
008 260214s2007 ua |||jr|||| 000 0 ara d
017 _a2007 / 10064
_bدار الكتب والوثائق القومية (مصر)
040 _aEG-GiCUC
_bara
_cEG-GiCUC
_dEG-GiCUC
_erda
082 0 4 _221
_a323.4
_bA245
092 0 4 _221
_a323.4
_bA245
099 _a323.4 A245
100 1 _eمؤلف.
245 2 _a‏الأديان وحرية التعبير :
_b‏إشكالية الحرية في مجتمعات مختلفة /
_c‏آجنس كالامارد ...[وآخ.] ؛ تقديم رضوان زيادة ؛ تحرير رجب سعد طه.
250 _aالطبعة الاولى
264 _aالقاهرة (مصر) :
_bمركز القاهرة لدراسات حقوق الإنسان،
_c2007.
300 _a473 صفحة ؛
_c24 سم
336 _2rdacontent
_atext
337 _2rdamedia
_aUnmediated
338 _2rdacarrier
_avolume
490 _aسلسلة مناظرات حقوق الإنسان ؛
_v10
504 _aيشتمل على ارجاعات ببليوجرافية.
541 _aد. جابر عصفور ؛
_bالقاهرة ؛
_cإهداء ؛
_d2024.
650 1 7 _aالحقوق المدنية
_2qrmak
650 1 7 _aحرية التعبير
_2qrmak
650 1 7 _aحقوق الانسان
_2qrmak
651 1 _2qrmak
700 1 _aزيادة، رضوان
_eمقدم.
700 1 _aطه، رجب سعد
_eمحرر.
700 1 _aفوزى، سامح
905 _aAya
942 _2ddc
_cBK
_e21
_n0
999 _c178452
_d178452